000
00338nam a2200121Ia 4500
008
151021s9999 xx 000 0 und d
050
_a
HQ769.N2009
245
_a
_Child Growth and Development II
260
_a
Nairobi longhorn 2009
300
_a
viii,110p
650
_a
_Concept in child growth
980
_a
^d20101207 04:55:54^okilerai
999
_c
5496
_d
5496